| 000 -LEADER |
| fixed length control field |
02250cam a2200397 a 4500 |
| 001 - CONTROL NUMBER |
| control field |
15790832 |
| 003 - CONTROL NUMBER IDENTIFIER |
| control field |
OSt |
| 005 - DATE AND TIME OF LATEST TRANSACTION |
| control field |
20140116120819.0 |
| 008 - FIXED-LENGTH DATA ELEMENTS--GENERAL INFORMATION |
| fixed length control field |
090625s2010 dcuab b i001 0 eng |
| 010 ## - LIBRARY OF CONGRESS CONTROL NUMBER |
| LC control number |
2009025406 |
| 015 ## - NATIONAL BIBLIOGRAPHY NUMBER |
| National bibliography number |
GBA991217 |
| Source |
bnb |
| 016 7# - NATIONAL BIBLIOGRAPHIC AGENCY CONTROL NUMBER |
| Record control number |
015371502 |
| Source |
Uk |
| 020 ## - INTERNATIONAL STANDARD BOOK NUMBER |
| International Standard Book Number |
9780821380413 (pbk.) |
| 020 ## - INTERNATIONAL STANDARD BOOK NUMBER |
| International Standard Book Number |
9780821380833 (electronic) |
| 020 ## - INTERNATIONAL STANDARD BOOK NUMBER |
| International Standard Book Number |
0821380834 (electronic) |
| 035 ## - SYSTEM CONTROL NUMBER |
| System control number |
(OCoLC)ocn377809052 |
| 040 ## - CATALOGING SOURCE |
| Original cataloging agency |
DLC |
| Transcribing agency |
DLC |
| Modifying agency |
BTCTA |
| -- |
UKM |
| -- |
C#P |
| -- |
OVP |
| -- |
YDXCP |
| -- |
CDX |
| -- |
DLC |
| 043 ## - GEOGRAPHIC AREA CODE |
| Geographic area code |
f------ |
| 050 00 - LIBRARY OF CONGRESS CALL NUMBER |
| Classification number |
HC800.Z9W6 2009 |
| 245 00 - TITLE STATEMENT |
| Title |
Africa's infrastructure : a time for transformation / |
| Statement of responsibility, etc |
Vivien Foster and Cecilia Briceño-Garmendia, editors. |
| 260 ## - PUBLICATION, DISTRIBUTION, ETC. (IMPRINT) |
| Place of publication, distribution, etc |
Washington, DC : |
| Name of publisher, distributor, etc |
Agence Française de Développement : |
| -- |
World Bank, |
| Date of publication, distribution, etc |
2010. |
| 300 ## - PHYSICAL DESCRIPTION |
| Extent |
xxii, 355 p. : |
| Other physical details |
ill., maps ; |
| Dimensions |
26 cm. |
| 490 1# - SERIES STATEMENT |
| Series statement |
Africa development forum |
| 500 ## - GENERAL NOTE |
| General note |
"Presents the findings of the Africa Infrastructure Country Diagnostic (AICD)"--P. [4] of cover. |
| 504 ## - BIBLIOGRAPHY, ETC. NOTE |
| Bibliography, etc |
Includes bibliographical references and index. |
| 505 0# - FORMATTED CONTENTS NOTE |
| Formatted contents note |
Africa's infrastructure : a time for transformation -- The Africa Infrastructure Country Diagnostic -- Meeting Africa's infrastructure needs -- Closing Africa's funding gap -- Dealing with poverty and inequality -- Building sound institutions -- Facilitating urbanization -- Deepening regional integration -- Information and communication technologies : a boost for growth -- Power : catching up -- Transport : more than the sum of its parts -- Roads : broadening the agenda -- Railways : looking for traffic -- Ports and shipping : landlords needed -- Airports and air transport : the sky's the limit -- Water resources : a common interest -- Irrigation : tapping potential -- Water supply : hitting the target? -- Sanitation : moving up the ladder. |
| 650 #0 - SUBJECT ADDED ENTRY--TOPICAL TERM |
| Topical term or geographic name as entry element |
Infrastructure (Economics) |
| Geographic subdivision |
Africa. |
| 700 1# - ADDED ENTRY--PERSONAL NAME |
| Personal name |
Foster, Vivien, |
| Dates associated with a name |
1968- |
| 700 1# - ADDED ENTRY--PERSONAL NAME |
| Personal name |
Briceño-Garmendia, Cecilia. |
| 710 2# - ADDED ENTRY--CORPORATE NAME |
| Corporate name or jurisdiction name as entry element |
World Bank. |
| 710 2# - ADDED ENTRY--CORPORATE NAME |
| Corporate name or jurisdiction name as entry element |
Africa Infrastructure Country Diagnostic. |
| 830 #0 - SERIES ADDED ENTRY--UNIFORM TITLE |
| Uniform title |
Africa development forum. |
| 906 ## - LOCAL DATA ELEMENT F, LDF (RLIN) |
| a |
7 |
| b |
cbc |
| c |
orignew |
| d |
1 |
| e |
ecip |
| f |
20 |
| g |
y-gencatlg |
| 942 ## - ADDED ENTRY ELEMENTS (KOHA) |
| Source of classification or shelving scheme |
|
| Koha item type |
Book |